000
00296nam a22001337a 4500
008
171213b xxu||||| |||| 00| 0 eng d
020
_a
9781121075269
041
_a
eng
080
_a
339.138
100
_a
61
101
_a
MAR
245
_a
INTERNATIONAL MARKETING
_c
YEOH.P.L
942
_2
udc
_c
BK
999
_c
38879
_d
38879